00644nam a2200169 a 450000100100000000500170001000800410002704000250006808200150009310000310010824500770013926000380021630000170025450400730027195201130034499900170045700003543820200930074337.0111031s1934 ag 000 0 spa d aDO-SdBNPbspacBNPHU axxxxbxxxx1 aOts, José María96127210aInstituciones sociales de la América Española /cJosé María Ots. aBuenos Aires, :bLa plata,c1934. av. ;c23 cm. aIncluye referencias bibliográficas y notas al pie de las páginas 001050718MOaGRbGRcCTd2011-10-31iLF1l0oxxxx xxxxp35438-10r2020-06-25w2020-06-25y1ZNo se presta c34929d34929